| 000 | 00673nmc a2200241 a 4500 | ||
|---|---|---|---|
| 003 | AR-BaBNM | ||
| 005 | 20251128204132.0 | ||
| 008 | 302120s1991 ||||||||||||||000 | spa|| | ||
| 020 | _a950-25-1842-X- | ||
| 040 | _cAR-BaBNM | ||
| 100 | 1 | _aRousseau, Jean-Jacques | |
| 245 | 1 | 0 |
_aEmilio y otras páginas _bselección |
| 260 |
_aBuenos Aires _bCentro Editor de América Latina _c1991 |
||
| 300 | 0 | _a104 p. | |
| 490 | 0 |
_aBiblioteca Básica Universal _vv. 17 |
|
| 500 | 0 | _aEstudio preliminar: Jorge Dotti | |
| 650 | 4 | _aLITERATURA FRANCESA | |
| 650 | 4 | _aSIGLO DIECIOCHO | |
| 655 | _aLITERATURA | ||
| 700 | 1 |
_aDotti, Jorge _eprologuista |
|
| 942 | _cBK | ||
| 998 | _cMARTA | ||
| 999 |
_c6314 _d6314 |
||